| 000 | 01347cam a22003138i 4500 | ||
|---|---|---|---|
| 999 |
_c7930 _d7930 |
||
| 001 | 21410995 | ||
| 003 | OSt | ||
| 005 | 20220120092132.0 | ||
| 008 | 200131s2020 enk 101 0 eng | ||
| 020 | _a0-471-92691-4 | ||
| 040 |
_aDDC _beng _cGU _dTODS |
||
| 111 | 2 |
_aProportionality in Asia (Conference) _d(2018 : _cUniversity of Hong Kong) |
|
| 245 | 1 | 0 |
_aProportionality in Asia / _cedited by Po Jen Yap, The University of Hong Kong. |
| 263 | _a2008 | ||
| 264 | 1 |
_aCambridge, United Kingdom ; _bCambridge University Press, _c2020. |
|
| 300 |
_axi,242p.;ills., _c20cm |
||
| 500 | _aIncludes index. | ||
| 505 | 0 | _a | |
| 650 | 0 |
_aProportionality in law _zEast Asia _vCongresses. |
|
| 650 | 0 |
_aProportionality in law _zSoutheast Asia _vCongresses. |
|
| 650 | 0 |
_aPolitical questions and judicial power _zEast Asia _vCongresses. |
|
| 650 | 0 |
_aPolitical questions and judicial power _zSoutheast Asia _vCongresses. |
|
| 650 | 0 |
_aCivil rights _zEast Asia _vCongresses. |
|
| 650 | 0 |
_aCivil rights _zSoutheast Asia _vCongresses. |
|
| 700 | 1 |
_aYap, Po Jen, _eeditor |
|
| 710 | 2 |
_aUniversity of Hong Kong. _bCentre for Comparative and Public Law, _esponsoring body |
|
| 776 | 0 | 8 |
_iOnline version: _tProportionality in Asia _dCambridge, United Kingdom ; _aNew York, NY, USA Cambridge University Press, 2020. _z9781108862950 _w(DLC) 2020004404 |
| 942 |
_2ddc _cBOOK |
||